000 01056nam a22003137a 4500
003 CHAP
005 20220329135040.0
008 971013s1946 r 00010 d
010 _a30114
011 _a31086
035 _a35198
040 _cCHAP
082 _a581.97291
_bL56
100 0 0 _aLiogier, Alain H.
_967017
245 _aFlora de Cuba
260 _aLa Habana :
_bInstituto Cubano del Libro,
_c1946-62
300 _a5 v.
500 _a----Suplemento. La Habana, Instituto Cubano del Libro, 1974. 150 p.
500 _aLa biblioteca tiene: Suplemento, 1974
590 _aBATCH-UPD
_b10
_c20130110
_lUCH01
_h1134
590 _aBATCH-UPD
_b10
_c20130410
_lUCH01
_h0722
590 _aBATCH-UPD
_b10
_c20130914
_lUCH01
_h0730
590 _aCONVERSION
_b10
_c20130109
_lUCH01
_h1317
650 1 4 _aBotánica
_xCuba.
_914526
901 _aBK
942 _cLIBRO
949 _a581.97291 L56
_bBC
_cLIBRO
_d33724000356184
_eLIBRO
_f1974 Sup.
_h32304
_i35198
_mD
_si
949 _a581.97291 L56
_bBC
_cLIBRO
_d33724000356192
_eLIBRO
_f1974 Sup. c.2
_h46164
_i35198
_mD
_si
999 _c30114
_d30114